Sports Quiz

Random Sports or State Quiz

College Football Teams Quiz Stats

 Plays Quiz not verified by Sporcle

Score 0/12 Timer 15:00
0 Plays Today
College Stats College Team % Correct
105.9 rating for 3 QB'sBoston College Eagles
100%
24 TD's for 3 QB'sFlorida State Seminoles
100%
2850 yards by 2 QB'sVirginia Tech Hokies
92.9%
2543 yards for 3 QB'sClemson Tigers
78.6%
27 Interceptions by 4 QB'sMiami (FL) Hurricane
78.6%
461 yards running on the groundNorth Carolina State Wolfpack
78.6%
389 attempts by 3 QB'sMaryland Terrapins
71.4%
59.1% completion rating by 5 QB'sVirginia Cavaliers
71.4%
60.3% completion for 2 QB'sDuke Blue Devils
57.1%
9 TD's by 5 QB'sWake Forest Demon Deacons
57.1%
64 completions by 2 QB'sGeorgia Tech Yellow Jackets
50%
1634 yards received by 7 wide receivers UNC Tar Heels
28.6%

You're not logged in!

Compare scores with friends on all Sporcle quizzes.
Join for Free
OR
Log In

You Might Also Like...

Show Comments

Extras

Top Quizzes Today


Score Distribution

Your Account Isn't Verified!

In order to create a playlist on Sporcle, you need to verify the email address you used during registration. Go to your Sporcle Settings to finish the process.

Report this User

Report this user for behavior that violates our Community Guidelines.

Details: